Amtrak California Zephyr Stations Quiz Stats

 Plays Quiz not verified by Sporcle

Score 0/34 Timer 08:00
0 Plays Today
State Town % Correct
IllinoisChicago
96.7%
ColoradoDenver
93.7%
NevadaReno
92.2%
UtahSalt Lake City
91.9%
CaliforniaEmeryville
88.5%
NebraskaOmaha
87.8%
CaliforniaSacramento
87.8%
NebraskaLincoln
84.1%
UtahProvo
79.3%
ColoradoGrand Junction
76.3%
CaliforniaTruckee
73%
NevadaElko
71.9%
IllinoisNaperville
70.7%
CaliforniaDavis
68.5%
CaliforniaMartinez
65.9%
NevadaWinnemucca
63.7%
IllinoisGalesburg
62.6%
State Town % Correct
IowaOttumwa
61.1%
ColoradoGlenwood Springs
59.6%
CaliforniaRoseville
59.3%
IowaBurlington
58.1%
UtahGreen River
55.2%
UtahHelper
54.4%
IllinoisPrinceton
54.1%
NebraskaHastings
53%
ColoradoFort Morgan
51.9%
IowaOsceola
50.7%
NebraskaMcCook
50.7%
IowaCreston
50%
IowaMount Pleasant
49.3%
CaliforniaColfax
49.3%
ColoradoGranby
47%
NebraskaHoldrege
42.2%
ColoradoFraser-Winter Park
42.2%

You're not logged in!

Compare scores with friends on all Sporcle quizzes.
OR
Log In

Show Comments

Extras

Top Quizzes Today


Score Distribution

Your Account Isn't Verified!

In order to create a playlist on Sporcle, you need to verify the email address you used during registration. Go to your Sporcle Settings to finish the process.

Report this User

Report this user for behavior that violates our Community Guidelines.

Details: